000 00600nam a2200193Ia 4500
003 LDD
008 181029s9999 xx 000 0 und d
020 _a1591405106
_cUS
_69.95
040 _cLDD
100 _aMetcaife, Any Scott
245 0 _aKnowledge management and higher education
_ba critical Analysis
_cAny Scott Metcaife
260 _aHershey
_bInformation Science Publishing
_c2006
300 _axi,352p.
365 _bUS
_69.95
901 _a3356
_b13-03-2006
902 _a11150
_b16-03-2006
_cF
_dGBH
_e2
903 _aDiscount-10
_bReqst by : Sharma, Jaideep
942 _2ddc
_cBK
999 _c75802
_d75802